| 000 | 00616cam a2200193 4500 | ||
|---|---|---|---|
| 001 | 3005 | ||
| 005 | 20181127170316.0 | ||
| 008 | 081007s2007 bt ab 000 0 eng | ||
| 010 | _a 2008335873 | ||
| 020 | _a9993669202 | ||
| 043 | _aa-bt--- | ||
| 100 | 1 |
_aSangay Wangchuk, T., _d1968- |
|
| 245 | 1 | 0 |
_aSeeing with the third eye : _bgrowing up with Grandma in rural Bhutan / _cT. Sangay Wangchuk. |
| 250 | _a2nd ed. | ||
| 260 |
_aThimphu : _bT. Sangay Wangchuk, _c2007. |
||
| 300 |
_a176 p. : _bill. (some col.), 1 map ; _c21 cm. |
||
| 651 | 0 |
_aBhutan _xReligious life and customs. |
|
| 651 | 0 |
_aBhutan _xSocial and customs. |
|
| 999 |
_c2415 _d2415 |
||